Movie Chain #2 - Statistics

General Stats
  • This quiz has been taken 47 times
  • The average score is 5 of 13
Answer Stats
Year Actor Movie % Correct
1988 Bruce Willis Die Hard
80%
1977 Harrison Ford Star Wars
72%
2000 Guy Pearce Memento
61%
2012 Christian Bale The Dark Knight Rises
61%
2019 Song Kang-ho Parasite
46%
2003 Choi Min-sik Oldboy
43%
1974 Gene Wilder Young Frankenstein
33%
2000 Brad Pitt Snatch
28%
1980 John Hurt The Elephant Man
28%
1976 Peter Finch Network
26%
2011 Emma Stone The Help
20%
1968 Duane Jones Night of the Living Dead
11%
2005 Rowan Atkinson Keeping Mum
9%
No matching quizzes found
Score Distribution
Percent of People with Each Score
Percentile by Number Answered
Your Score History
You have not taken this quiz